Selections from seven pillars of wisdom
Gespeichert in:
| 1. Verfasser: | |
|---|---|
| Format: | Buch |
| Sprache: | Englisch |
| Veröffentlicht: |
Londres
Methuen
1940
|
| Schriftenreihe: | Methuen's Modern Classics
|
| Schlagworte: | |
| Tags: |
Tag hinzufügen
Keine Tags, Fügen Sie den ersten Tag hinzu!
|
MARC
| LEADER | 00000nam a2200000 a 4500 | ||
|---|---|---|---|
| 001 | UCZ6657 | ||
| 003 | CL-VaPUC | ||
| 008 | 951214e19400000UK |||||||||||||||||eng|d | ||
| 082 | 0 | 4 | |a 953 |b LAW |2 21 |
| 100 | |a Lawrence, T. E |e author |9 579930 | ||
| 245 | 1 | 0 | |a Selections from seven pillars of wisdom |
| 300 | |a 148 p | ||
| 942 | |c BK | ||
| 945 | |d 19951214 00:00:00 |a rleighto | ||
| 260 | |a Londres |b Methuen |c 1940 | ||
| 650 | 0 | |a Historia |9 255047 | |
| 650 | 7 | |a REVOLUCION |2 CL-VaPUC |9 338298 | |
| 651 | 7 | |a ARABIA |2 CL-VaPUC |9 334867 | |
| 583 | |a last modification |c 19951214 00:00:00 |k Rodrigo Vera | ||
| 490 | 0 | |a Methuen's Modern Classics | |
| 999 | |c 242849 |d 242847 | ||
| 952 | |0 0 |1 0 |4 0 |6 953_000000000000000_LAW_1940 |7 0 |8 A |9 256098 |a BIBEDU |b BIBEDU |d 2019-11-19 |i 3160645 |o 953 LAW 1940 |p 3160645 |r 2019-11-19 |w 2019-11-19 |y BK |k LIT | ||